Geography Quiz

Random Geography or City Quiz

Largest U.S. Cities: 1830 vs. 2010 Quiz Stats

 Plays Quiz not verified by Sporcle

Challenge
Share
Tweet
Embed
Score 0/16 Timer 04:00
0 Plays Today
% Correct
New York, NY
96.8%
Philadelphia, PA
94.3%
Boston, MA
92.3%
New Orleans, LA
91.1%
Cincinnati, OH
87.4%
Pittsburgh, PA
87%
Newark, NJ
83%
Washington, DC
81.8%
% Correct
Buffalo, NY
81.8%
Nashville, TN
81.4%
Baltimore, MD
80.6%
St. Louis, MO
80.2%
Louisville, KY
75.3%
Norfolk, VA
63.6%
Rochester, NY
57.1%
Lexington, KY
55.5%

You're not logged in!

Compare scores with friends on all Sporcle quizzes.
OR
Log In

You Might Also Like...

Show Comments

Extras

Top Quizzes Today


Score Distribution

Your Account Isn't Verified!

In order to create a playlist on Sporcle, you need to verify the email address you used during registration. Go to your Sporcle Settings to finish the process.

Report this User

Report this user for behavior that violates our Community Guidelines.

Details: